Normal view
MARC view
- البيع- فقه اسلامي
Entry Topical Term
001 - CONTROL NUMBER
- control field: 11395
003 - CONTROL NUMBER IDENTIFIER
- control field: JO-AjAnu
005 - DATE AND TIME OF LATEST TRANSACTION
- control field: 20230606072129.0
008 - FIXED-LENGTH DATA ELEMENTS
- fixed length control field: 230606|| aca||aabn | a|a d
040 ## - CATALOGING SOURCE
- Original cataloging agency: JO-AjAnu
- Transcribing agency: JO-AjAnu
150 ## - HEADING--TOPICAL TERM
- Topical term or geographic name entry element: البيع- فقه اسلامي
670 ## - SOURCE DATA FOUND
- Source citation: Work cat.: (JO-AjAnu)5871: وهدان، أحمد حسين عبد الرحمن ؛ تقديم: مشهور بن حسن آل سلمان ، سمير مراد, author 11394, أحكام البيوع المتعامل بها في أسواق الجملة للخضار وتكييفها الفقهي : دراسة فقهية معاصرة